Borçlar hukuku : (Record no. 200459685)

MARC details
000 -LEADER
fixed length control field 00897cam a2200289 i 4500
003 - CONTROL NUMBER IDENTIFIER
control field TR-AnTOB
005 - DATE AND TIME OF LATEST TRANSACTION
control field 20240207141750.0
007 - PHYSICAL DESCRIPTION FIXED FIELD--GENERAL INFORMATION
fixed length control field ta
008 - FIXED-LENGTH DATA ELEMENTS--GENERAL INFORMATION
fixed length control field 231212s2023 tu 000 0 tur d
020 ## - INTERNATIONAL STANDARD BOOK NUMBER
International Standard Book Number 9786259984452
040 ## - CATALOGING SOURCE
Original cataloging agency IU
Language of cataloging eng
Description conventions rda
Transcribing agency IU
Modifying agency TR-AnTOB
041 0# - LANGUAGE CODE
Language code of text/sound track or separate title Türkçe
050 1# - LIBRARY OF CONGRESS CALL NUMBER
Classification number KKX810
090 ## - LOCALLY ASSIGNED LC-TYPE CALL NUMBER (OCLC); LOCAL CALL NUMBER (RLIN)
Classification number (OCLC) (R) ; Classification number, CALL (RLIN) (NR) KKX 810
Local cutter number (OCLC) ; Book number/undivided call number, CALL (RLIN) .K55ö 2023
100 1# - MAIN ENTRY--PERSONAL NAME
Personal name Kılıçoğlu, Ahmet Mithat
9 (RLIN) 121890
Relator term author
245 10 - TITLE STATEMENT
Title Borçlar hukuku :
Remainder of title özel hükümler /
Statement of responsibility, etc. Prof. Dr. Ahmet M. Kılıçoğlu.
250 ## - EDITION STATEMENT
Edition statement Gözden geçirilmiş ve güncelleştirilmiş 5. bsm.
264 #1 - PRODUCTION, PUBLICATION, DISTRIBUTION, MANUFACTURE, AND COPYRIGHT NOTICE
Place of production, publication, distribution, manufacture Ankara :
Name of producer, publisher, distributor, manufacturer Turhan Kitabevi,
Date of production, publication, distribution, manufacture, or copyright notice 2023.
300 ## - PHYSICAL DESCRIPTION
Extent lxviii, 762 pages ;
Dimensions 24 cm
336 ## - CONTENT TYPE
Source rdacontent
Content type term text
Content type code txt
337 ## - MEDIA TYPE
Source rdamedia
Media type term unmediated
Media type code n
338 ## - CARRIER TYPE
Source rdacarrier
Carrier type term volume
Carrier type code nc
650 07 - SUBJECT ADDED ENTRY--TOPICAL TERM
Topical term or geographic name entry element Borçlar Hukuku
Source of heading or term etuturkob
9 (RLIN) 38726
Topical term or geographic name entry element Özel hükümler.
942 ## - ADDED ENTRY ELEMENTS (KOHA)
Source of classification or shelving scheme Library of Congress Classification
Koha item type Book
Holdings
Withdrawn status Lost status Source of classification or shelving scheme Not for loan Collection code Home library Current library Shelving location Date acquired Source of acquisition Cost, normal purchase price Inventory number Total Checkouts Total Renewals Full call number Barcode Date last seen Date last checked out Copy number Cost, replacement price Date shelved Koha item type Public note
    Other/Generic Classification Scheme Ödünç Verilebilir / Available Genel Koleksiyon Merkez Kütüphane Merkez Kütüphane Genel Koleksiyon / Main Collection 07/02/2024 Satın Alma / Purchase 675.00 HUK 6 5 KKX810 .K55ö 2023 0069765 19/01/2026 03/10/2025 1 0.00 07/02/2024 Book
Devinim Yazılım Eğitim Danışmanlık tarafından Koha'nın orjinal sürümü uyarlanarak geliştirilip kurulmuştur.